Измерение биомеханических параметров тканей млекопитающих с помощью автоматизированного компьютерного комплека; Измерительная техника; № 3

Detaylı Bibliyografya
Parent link:Измерительная техника=Measurement Techniques: научно-технический журнал/ Российская Федерация, Федеральное агентство по техническому регулированию и метрологии (Ростехрегулирование) (Госстандарт России).— , 1940-1941, 1955-.— 0368-1025
№ 3.— 2003.— С. 56-60
Yazar: Еськов В. М.
Diğer Yazarlar: Папшев В. А., Филатова О. Е.
Dil:Rusça
Baskı/Yayın Bilgisi: 2003
Seri Bilgileri:Медицинские и биологические измерения
Konular:
Materyal Türü: MixedMaterials Kitap Bölümü
KOHA link:https://koha.lib.tpu.ru/cgi-bin/koha/opac-detail.pl?biblionumber=385631

MARC

LEADER 00000naa2a2200000 4500
001 385631
005 20231101063401.0
035 |a (RuTPU)RU\TPU\prd\13552 
090 |a 385631 
100 |a 20030512a2003 k y0rusy50 ca 
101 0 |a rus 
102 |a RU 
200 1 |a Измерение биомеханических параметров тканей млекопитающих с помощью автоматизированного компьютерного комплека  |f В. М. Еськов, В. А. Папшев, О. Е. Филатова 
225 1 |a Медицинские и биологические измерения 
320 |a Библиогр.: 15 назв. 
461 1 |0 (RuTPU)RU\TPU\prd\1509  |x 0368-1025  |t Измерительная техника  |l Measurement Techniques  |o научно-технический журнал  |f Российская Федерация, Федеральное агентство по техническому регулированию и метрологии (Ростехрегулирование) (Госстандарт России)  |d 1940-1941, 1955- 
463 1 |0 (RuTPU)RU\TPU\prd\13363  |t № 3  |v С. 56-60  |d 2003 
610 1 |a компьютерные комплексы 
610 1 |a биоткани 
610 1 |a биомеханические параметры 
675 |a 578.08:531.7  |v 3 
700 1 |a Еськов  |b В. М. 
701 1 |a Папшев  |b В. А. 
701 1 |a Филатова  |b О. Е. 
801 1 |a RU  |b 63413507  |c 20030512  |g PSBO 
801 2 |a RU  |b 63413507  |c 20121217  |g RCR 
942 |c BK